Przyłącz państwo Oceanii do losowej stolicy - Statystyki

Ogólne statystyki
  • Ten quiz został rozwiązany 80 razy
  • Średni wynik to 5 z 6
Statystyki odpowiedzi
Stolica Państwa % Poprawnych
Canberra Australia
100%
Bairiki Kiribati
100%
Wellington Nowa Zelandia
100%
Suva Fidżi
83%
Brak (de facto Yaren) Nauru
80%
Apia Samoa
80%
Port Moresby Papua Nowa-Gwinea
75%
Palikir Mikronezja
67%
Nukuʻalofa Tonga
67%
Majuro Wyspy Marshalla
60%
Honiara Wyspy Salomona
60%
Vaiaku Tuvalu
50%
Ngerulmud Palau
43%
Port Vila Vanuatu
33%
Nie znaleziono quizów pasujących do podanych kryteriów
Rozkład punktacji
Procent ludzi z każdym wynikiem
Percentyl według liczby udzielonych odpowiedzi
Twoja historia wyników
Nie rozwiązałeś tego quizu